|
|
|
|
| LEADER |
02082nam a2200481 i 4500 |
| 001 |
EBC4755914 |
| 003 |
MiAaPQ |
| 005 |
20200520144314.0 |
| 006 |
m o d | |
| 007 |
cr cnu|||||||| |
| 008 |
161216t20162016ncu ob 001 0deng d |
| 020 |
|
|
|z 9780822362180
|
| 020 |
|
|
|a 9780822373759 (e-book)
|
| 035 |
|
|
|a (MiAaPQ)EBC4755914
|
| 035 |
|
|
|a (Au-PeEL)EBL4755914
|
| 035 |
|
|
|a (CaPaEBR)ebr11309580
|
| 035 |
|
|
|a (CaONFJC)MIL975978
|
| 035 |
|
|
|a (OCoLC)940935850
|
| 040 |
|
|
|a MiAaPQ
|b eng
|e rda
|e pn
|c MiAaPQ
|d MiAaPQ
|
| 043 |
|
|
|a s-pe---
|
| 050 |
|
4 |
|a F3448.4.L53
|b .M586 2016
|
| 082 |
0 |
|
|a 985.06/3
|2 23
|
| 100 |
1 |
|
|a Llamojha Mitma, Manuel,
|d 1921-
|e author.
|
| 245 |
1 |
0 |
|a Now peru is mine :
|b the life and times of a campesino activist /
|c Manuel Llamojha Mitma and Jaymie Patricia Heilman.
|
| 264 |
|
1 |
|a Durham, North Carolina ;
|a London, England :
|b Duke University Press,
|c 2016.
|
| 264 |
|
4 |
|c 2016
|
| 300 |
|
|
|a 1 online resource (252 pages).
|
| 336 |
|
|
|a text
|2 rdacontent
|
| 337 |
|
|
|a computer
|2 rdamedia
|
| 338 |
|
|
|a online resource
|2 rdacarrier
|
| 490 |
1 |
|
|a Narrating Native Histories
|
| 504 |
|
|
|a Includes bibliographical references and index.
|
| 588 |
|
|
|a Description based on print version record.
|
| 590 |
|
|
|a Electronic reproduction. Ann Arbor, MI : ProQuest, 2016. Available via World Wide Web. Access may be limited to ProQuest affiliated libraries.
|
| 600 |
1 |
0 |
|a Llamojha Mitma, Manuel,
|d 1921-
|
| 650 |
|
0 |
|a Political activists
|z Peru
|v Biography.
|
| 651 |
|
0 |
|a Peru
|x Politics and government
|y 20th century.
|
| 655 |
|
4 |
|a Electronic books.
|
| 700 |
1 |
|
|a Heilman, Jaymie Patricia,
|e author.
|
| 776 |
0 |
8 |
|i Print version:
|a Mitma, Manuel Llamojha, 1921-
|t Now peru is mine : the life and times of a campesino activist.
|d Durham, North Carolina ; London, England : Duke University Press, c2016
|h 239 pages
|k Narrating native histories.
|z 9780822362180
|w 2016020793
|
| 797 |
2 |
|
|a ProQuest (Firm)
|
| 830 |
|
0 |
|a Narrating native histories.
|
| 856 |
4 |
0 |
|u https://ebookcentral.proquest.com/lib/matrademy/detail.action?docID=4755914
|z Click to View
|